| 000 | 00650nam a22001937a 4500 | ||
|---|---|---|---|
| 005 | 20241029141129.0 | ||
| 010 | _aENG-142531 | ||
| 020 |
_a9789358191448 _c299.00 |
||
| 035 | _aEN-126063 | ||
| 037 | _bDBAD | ||
| 082 | _a305.4 | ||
| 100 |
_aClaire,Karen _973630 |
||
| 245 |
_aAlphabetical Recharge/ _cKaren Claire |
||
| 250 | _aFirst | ||
| 260 |
_aUttar Pradesh _bBluerose Publisher _c2023 |
||
| 270 |
_aABL Workspaces, B-6, Amaltash Marg, Block B, Sector 4, Noida, _bUttar Pradesh _e201301 _k8882898898 _minfo@bluerosepublisher.com |
||
| 300 |
_a112p. _c20cm(pbk) |
||
| 942 |
_2ddc _cEN _h305.4 _mCLA _e2023 |
||
| 999 |
_c206857 _d206857 |
||